000 00255nam a2200097Ia 4500
008 230508s2008 xx 000 0 und d
041 _aeng
100 _aCHOUDHARY HAJARA
245 _aELEMENTS OF WORKSHOP TECHNOLOGY
260 _bMEDIA PROMOTERS
_c2008
_g2006
999 _c337955
_d337955